<?xml version="1.0" encoding="UTF-8"?>
<marc:record xmlns:marc="http://www.loc.gov/MARC21/slim">
   <marc:leader>00000nam a2200000 a 4500</marc:leader>
   <marc:datafield ind1="1" ind2=" " tag="100">
      <marc:subfield code="a">Mayer, Gina</marc:subfield>
      <marc:subfield code="4">aut</marc:subfield>
      <marc:subfield code="e">Verfasser/-in</marc:subfield>
   </marc:datafield>
   <marc:datafield ind1=" " ind2=" " tag="653">
      <marc:subfield code="a">Fantasy</marc:subfield>
   </marc:datafield>
   <marc:datafield ind1=" " ind2=" " tag="653">
      <marc:subfield code="a">Kinderbuch</marc:subfield>
   </marc:datafield>
   <marc:datafield ind1=" " ind2=" " tag="653">
      <marc:subfield code="a">Antolin Klasse-5</marc:subfield>
   </marc:datafield>
   <marc:datafield ind1="0" ind2="0" tag="245">
      <marc:subfield code="a">Internat der bösen Tiere: Die Prüfung</marc:subfield>
   </marc:datafield>
   <marc:datafield ind1=" " ind2="1" tag="264">
      <marc:subfield code="b">Ravensburger</marc:subfield>
      <marc:subfield code="c">2020</marc:subfield>
   </marc:datafield>
   <marc:datafield ind1="1" ind2=" " tag="490">
      <marc:subfield code="a">Internat der bösen Tiere</marc:subfield>
   </marc:datafield>
   <marc:datafield ind1="1" ind2=" " tag="520">
      <marc:subfield code="a">Bist du gefährlich genug für diese Schule?

Noëls Vergangenheit: ein einziges Rätsel. Seine Gegenwart: eine absolute Katastrophe. Seine Zukunft: ein Abenteuer, das ihn das Leben kosten könnte. Als Noël auch noch von der Schule fliegen soll, scheint sein Pech perfekt zu sein. Doch dann kreuzen ein paar böse Tiere seinen Weg, um ihn zu einem sagenhaften Internat zu bringen.

"Auftakt einer Abenteuerreihe, die auch für Kinder spannend ist, die sonst nicht so gerne lesen." Tanja Wessendorf</marc:subfield>
   </marc:datafield>
   <marc:datafield ind1=" " ind2=" " tag="020">
      <marc:subfield code="a">9783473408429</marc:subfield>
      <marc:subfield code="9">9783473408429</marc:subfield>
   </marc:datafield>
</marc:record>
